000 00186 a2200097 4500
020 _a9780152168148
041 _aeng
100 _aEhlert, lois
245 _aDia de mercado
942 _cBK
999 _c11245
_d11245